All First-Level Subdivisions of Europe in 1989 on a Map - Statistics

General Stats
  • This quiz has been taken 2,613 times
    2,599 since last reset
  • The average score is 135 of 477
Answers on the Map
Answers color-coded by a green-red scale on the quiz's map according to % correct below.
 
Answer Stats
Country Type Subdivision % Correct
Soviet Union Republic Byelorussia
94%
Soviet Union Republic Ukraine
94%
United Kingdom Country England
93%
Soviet Union Republic Estonia
93%
Malta Region Northern
93%
Soviet Union Republic Russia
93%
Soviet Union Republic Latvia
92%
Soviet Union Republic Lithuania
92%
United Kingdom Country Scotland
92%
United Kingdom Country Wales
92%
Yugoslavia Republic Serbia
91%
Czechoslovakia Republic Slovak Socialist Republic
91%
Yugoslavia Republic Bosnia and Herzegovina
90%
Yugoslavia Republic Croatia
90%
Czechoslovakia Republic Czech Socialist Republic
90%
Soviet Union Republic Moldavia
89%
United Kingdom Province Northern Ireland
89%
Yugoslavia Republic Macedonia
88%
Yugoslavia Republic Montenegro
88%
West Germany State Bavaria
87%
Yugoslavia Republic Slovenia
87%
Italy Region Sicily
86%
Malta Region Western
86%
Greece Region Western Greece
86%
Iceland Constituency Western Region
86%
Iceland Constituency Eastern Region
83%
Netherlands Country Netherlands
83%
Italy Region Sardinia
82%
Spain Autonomous community Catalonia
81%
France Region Corsica
81%
United Kingdom Crown Dependency Isle of Man
81%
Ireland County Dublin
80%
Spain Autonomous community Madrid
79%
Iceland Constituency Southern Region
79%
Austria State Vienna
79%
Greece Region Crete
78%
Ireland County Louth
78%
Norway Region Oslo
77%
Poland Province Warsaw
77%
Greece Region Attica
76%
Bulgaria Province Sofia City
76%
Bulgaria Province Sofia Province
76%
France Region Brittany
75%
Sweden County Stockholm
75%
Hungary Capital Budapest
74%
Denmark County Copenhagen County
74%
Denmark County Copenhagen Municipality
74%
Belgium Region Flanders
74%
West Germany State Hamburg
74%
Portugal District Faro
73%
Romania Municipality Bucharest
72%
Belgium Region Brussels-Capital Region
71%
United Kingdom Dependent Territory Gibraltar
70%
Portugal District Lisbon
70%
Italy Region Tuscany
70%
West Germany De facto state West Berlin
69%
Denmark Territory Faroe Islands
68%
Belgium Region Wallonia
68%
East Germany City district East Berlin
67%
Spain Autonomous community Galicia
67%
United Kingdom Crown Dependency Jersey
67%
Spain Autonomous community Basque
66%
Switzerland Canton Bern
66%
Spain Autonomous community Valencia
66%
West Germany State Baden-Württemberg
65%
West Germany State Bremen
65%
Ireland County Cork City
65%
Ireland County Cork County
65%
Poland Province Kraków
65%
Luxembourg District Luxembourg
65%
Spain Autonomous community Andalusia
64%
Poland Province Gdańsk
64%
Monaco Ward Monaco-Ville
64%
Switzerland Half-canton Basel-Landschaft
63%
Switzerland Half-canton Basel-Stadt
63%
Italy Region Friuli-Venezia Giulia
63%
United Kingdom Crown Dependency Guernsey
63%
Iceland Constituency Reykjavik
63%
Albania District Tirana
63%
Switzerland Canton Zürich
63%
Spain Autonomous community Aragon
62%
Spain Autonomous community Balearic Islands
61%
Italy Region Lombardy
61%
Portugal District Porto
61%
Switzerland Canton Geneva
60%
Spain Autonomous community Castile and León
59%
West Germany State Saarland
59%
West Germany State Schleswig-Holstein
59%
Switzerland Canton Vaud
59%
Austria State Tyrol
58%
France Region Centre
57%
San Marino Municipality City of San Marino
57%
France Region Île-de-France
57%
Finland Province Åland
56%
France Region Alsace
56%
West Germany State North Rhine-Westphalia
56%
West Germany State Rhineland-Palatinate
56%
Liechtenstein Municipality Vaduz
55%
Andorra Parish Andorra la Vella
54%
West Germany State Hesse
54%
Finland Province Lapland
54%
Italy Region Piedmont
54%
Austria State Salzburg
54%
Italy Region Lazio
53%
France Region Provence-Alpes-Côte d'Azur
53%
Norway Territory Svalbard
53%
West Germany State Lower Saxony
52%
Spain Autonomous community Navarre
52%
Italy Region Trentino-South Tyrol
52%
Finland Province Central Finland
51%
Sweden County Gotland
51%
Spain Autonomous community Murcia
51%
Greece Region Central Greece
50%
France Region Nord-Pas-de-Calais
50%
Italy Region Veneto
49%
East Germany District Dresden
48%
Poland Province Łódź
48%
Italy Region Emilia-Romagna
47%
Italy Region Liguria
46%
East Germany District Leipzig
45%
France Region Lorraine
45%
Austria State Lower Austria
45%
Spain Autonomous community Asturias
44%
Greece Region Eastern Macedonia and Thrace
44%
Spain Autonomous community Extremadura
44%
Iceland Constituency Northwestern Region
44%
France Region Burgundy
43%
Monaco Ward Monte-Carlo
43%
Iceland Constituency Northeastern Region
43%
Austria State Upper Austria
43%
Bulgaria Province Varna
43%
Portugal Autonomous region Azores
42%
Spain Autonomous community Castilla-La Mancha
42%
Sweden County Gothenburg and Bohus
42%
Ireland County Limerick City
42%
Ireland County Limerick County
42%
Italy Region Calabria
41%
Italy Region Aosta Valley
40%
Italy Region Apulia
39%
Romania County Cluj
39%
Ireland County Galway City
39%
Ireland County Galway County
39%
Poland Province Katowice
39%
Poland Province Wrocław
39%
Denmark County Aarhus
38%
France Region Aquitaine
38%
Bulgaria Province Plovdiv
38%
Poland Province Poznań
38%
Austria State Styria
38%
Italy Region Campania
37%
Italy Region Umbria
37%
Spain Autonomous community La Rioja
36%
Poland Province Lublin
36%
France Region Pays de la Loire
36%
Poland Province Szczecin
35%
Denmark County West Zealand
35%
Spain Autonomous community Cantabria
34%
Malta Region South Eastern
34%
East Germany District Potsdam
33%
Austria State Carinthia
32%
Greece Region Peloponnese
32%
Romania County Constanța
31%
Greece Region Epirus
31%
East Germany District Frankfurt
31%
Liechtenstein Municipality Schaan
31%
Norway Region Troms
31%
Sweden County Uppsala
31%
Italy Region Abruzzo
30%
Italy Region Marche
30%
East Germany District Rostock
30%
Austria State Burgenland
29%
Albania District Durrës
29%
Ireland County Waterford City
29%
Ireland County Waterford County
29%
Italy Region Basilicata
28%
Denmark County Bornholm
28%
Bulgaria Province Burgas
28%
Switzerland Canton Luzern
28%
France Region Champagne-Ardenne
27%
Romania County Timiș
27%
Austria State Vorarlberg
27%
France Region Auvergne
26%
Portugal District Braga
26%
Malta Region Gozo and Comino
26%
Greece Region Ionian Islands
26%
East Germany District Magdeburg
26%
Italy Region Molise
26%
Poland Province Białystok
25%
Norway Region Finnmark
25%
Romania County Iași
25%
East Germany District Karl-Marx-Stadt
25%
Ireland County Donegal
24%
Switzerland Canton Ticino
24%
Hungary County Vas
24%
Greece Region Central Macedonia
23%
East Germany District Erfurt
23%
Ireland County Kilkenny
23%
Switzerland Canton St. Gallen
23%
Finland Province Turku and Pori
23%
Greece Region Western Macedonia
23%
Ireland County Mayo
22%
France Region Rhône-Alpes
22%
Ireland County Wexford
22%
Portugal District Coimbra
21%
Switzerland Canton Neuchâtel
21%
Finland Province Oulu
21%
France Region Picardy
21%
Greece Region Thessaly
21%
East Germany District Schwerin
20%
Ireland County Sligo
20%
Poland Province Bydgoszcz
19%
East Germany District Halle
19%
Sweden County Kalmar
19%
Ireland County Kerry
19%
France Region Lower Normandy
19%
Poland Province Opole
19%
France Region Upper Normandy
19%
Switzerland Canton Valais
19%
Switzerland Canton Zug
19%
France Region Franche-Comté
18%
Switzerland Canton Fribourg
18%
Switzerland Canton Grisons
18%
Switzerland Canton Jura
18%
Ireland County Meath
18%
Hungary County Pest
18%
Switzerland Canton Schwyz
18%
Switzerland Canton Uri
18%
Ireland County Westmeath
18%
Switzerland Half-canton Appenzell Ausserrhoden
17%
Romania County Brașov
17%
East Germany District Cottbus
17%
Hungary County Győr-Moson-Sopron
17%
Norway Region Nordland
17%
Albania District Vlorë
17%
Ireland County Clare
16%
Ireland County Kildare
16%
Greece Region Mount Athos
16%
Greece Region North Aegean
16%
Albania District Shkodër
16%
Greece Region South Aegean
16%
Switzerland Canton Aargau
15%
Romania County Alba
15%
Sweden County Jönköping
15%
France Region Languedoc-Roussillon
15%
France Region Midi-Pyrénées
15%
Sweden County Norrbotten
15%
Denmark County North Jutland
15%
Finland Province North Karelia
15%
Switzerland Canton Schaffhausen
15%
Finland Province Uusimaa
15%
Switzerland Half-canton Appenzell Innerrhoden
14%
France Region Limousin
14%
Switzerland Half-canton Nidwalden
14%
Switzerland Half-canton Obwalden
14%
Sweden County Örebro
14%
Portugal District Setúbal
14%
Switzerland Canton Solothurn
14%
Poland Province Toruń
14%
Romania County Arad
13%
Portugal District Bragança
13%
Portugal District Évora
13%
East Germany District Gera
13%
Poland Province Kielce
13%
Ireland County Offaly
13%
Denmark County South Jutland
13%
Switzerland Canton Thurgau
13%
Portugal District Beja
12%
Poland Province Częstochowa
12%
Romania County Galați
12%
Switzerland Canton Glarus
12%
Poland Province Olsztyn
12%
France Region Poitou-Charentes
12%
Poland Province Radom
12%
Ireland County Roscommon
12%
Poland Province Rzeszów
12%
Sweden County Västerbotten
12%
Portugal District Aveiro
11%
Ireland County Cavan
11%
Denmark County Funen
11%
Ireland County Laois
11%
Ireland County Monaghan
11%
Norway Region Møre og Romsdal
11%
East Germany District Neubrandenburg
11%
Poland Province Płock
11%
San Marino Municipality Serravalle
11%
Norway Region Telemark
11%
Portugal District Vila Real
11%
Ireland County Wicklow
11%
Sweden County Blekinge
10%
Ireland County Carlow
10%
Portugal District Castelo Branco
10%
Luxembourg District Diekirch
10%
Albania District Elbasan
10%
Poland Province Elbląg
10%
Andorra Parish Encamp
10%
Sweden County Halland
10%
Sweden County Jämtland
10%
Sweden County Kopparberg
10%
Ireland County Leitrim
10%
Bulgaria Province Montana
10%
Romania County Sibiu
10%
Portugal District Viseu
10%
Poland Province Zielona Góra
10%
Andorra Parish Escaldes-Engordany
9%
Albania District Gjirokastër
9%
Poland Province Gorzów
9%
Portugal District Guarda
9%
Poland Province Koszalin
9%
Portugal District Leiria
9%
Ireland County Longford
9%
Portugal District Portalegre
9%
Andorra Parish Saint Julià de Lòria
9%
Portugal District Santarém
9%
Romania County Satu Mare
9%
Poland Province Suwałki
9%
Poland Province Tarnów
9%
Romania County Tulcea
9%
Finland Province Vaasa
9%
Norway Region Vestfold
9%
Portugal District Viana do Castelo
9%
Romania County Bacău
8%
Liechtenstein Municipality Balzers
8%
Albania District Berat
8%
Poland Province Biała Podlaska
8%
San Marino Municipality Borgo Maggiore
8%
Romania County Brăila
8%
Poland Province Chełm
8%
Albania District Fier
8%
Sweden County Gävleborg
8%
Finland Province Häme
8%
Poland Province Kalisz
8%
Albania District Korçë
8%
Poland Province Legnica
8%
Albania District Lezhë
8%
Sweden County Östergötland
8%
Poland Province Przemyśl
8%
Norway Region Rogaland
8%
Denmark County Roskilde
8%
Poland Province Słupsk
8%
Sweden County Södermanland
8%
Romania County Suceava
8%
Liechtenstein Municipality Triesen
8%
Liechtenstein Municipality Triesenberg
8%
Sweden County Värmland
8%
San Marino Municipality Acquaviva
7%
Hungary County Bács-Kiskun
7%
Poland Province Biała
7%
Romania County Botoșani
7%
Romania County Buzău
7%
Andorra Parish Canillo
7%
Liechtenstein Municipality Eschen
7%
Denmark County Frederiksberg
7%
Romania County Giurgiu
7%
Luxembourg District Grevenmacher
7%
Bulgaria Province Haskovo
7%
Poland Province Jelenia Góra
7%
Sweden County Kronoberg
7%
Albania District Kukës
7%
Finland Province Kuopio
7%
Monaco Ward La Condamine
7%
Andorra Parish La Massana
7%
Romania County Maramureș
7%
Romania County Mureș
7%
Poland Province Nowy Sacz
7%
Andorra Parish Ordino
7%
Poland Province Piła
7%
Bulgaria Province Razgrad
7%
Liechtenstein Municipality Schellenberg
7%
East Germany District Suhl
7%
Sweden County Västernorrland
7%
Hungary County Veszprém
7%
Poland Province Wałbrzych
7%
Hungary County Zala
7%
Poland Province Zamość
7%
Norway Region Akershus
6%
Hungary County Békés
6%
Hungary County Csongrád-Csanád
6%
Hungary County Fejér
6%
San Marino Municipality Fiorentino
6%
Monaco Ward Fontvieille
6%
Hungary County Hajdú-Bihar
6%
Romania County Hunedoara
6%
Hungary County Jász-Nagykun-Szolnok
6%
Hungary County Komárom-Esztergom
6%
Poland Province Konin
6%
Poland Province Krosno
6%
Finland Province Kymi
6%
Poland Province Łomża
6%
Bulgaria Province Lovech
6%
Liechtenstein Municipality Mauren
6%
Hungary County Nógrád
6%
Norway Region Nord-Trøndelag
6%
Romania County Olt
6%
Norway Region Oppland
6%
Norway Region Østfold
6%
Poland Province Piotrków
6%
Poland Province Siedlce
6%
Sweden County Västmanland
6%
Norway Region Vest-Agder
6%
Iceland Constituency Westfjords
6%
Poland Province Włockławek
6%
Romania County Argeș
5%
Norway Region Aust-Agder
5%
Hungary County Baranya
5%
Romania County Bihor
5%
Romania County Bistrița-Năsăud
5%
Hungary County Borsod-Abaúj-Zemplén
5%
Norway Region Buskerud
5%
Romania County Călărași
5%
Romania County Caraș-Severin
5%
San Marino Municipality Chiesanuova
5%
Romania County Covasna
5%
Romania County Dâmbovița
5%
Albania District Dibër
5%
Romania County Dolj
5%
San Marino Municipality Domagnano
5%
Ireland County Dún Laoghaire
5%
San Marino Municipality Faetano
5%
Denmark County Frederiksborg
5%
Liechtenstein Municipality Gamprin
5%
Romania County Gorj
5%
Romania County Harghita
5%
Hungary County Heves
5%
Norway Region Hordaland
5%
Poland Province Leszno
5%
Finland Province Mikkeli
5%
San Marino Municipality Montegiardino
5%
Romania County Neamț
5%
Ireland County North Tipperary
5%
Poland Province Ostrołęka
5%
Liechtenstein Municipality Planken
5%
Denmark County Ribe
5%
Liechtenstein Municipality Ruggell
5%
Albania District Sarandë
5%
Norway Region Sogn og Fjordane
5%
Hungary County Somogy
5%
Norway Region Sør-Trøndelag
5%
Ireland County South Tipperary
5%
Hungary County Szabolcs-Szatmár-Bereg
5%
Romania County Teleorman
5%
Hungary County Tolna
5%
Romania County Vâlcea
5%
Romania County Vaslui
5%
Denmark County Viborg
5%
Poland Province Ciechanów
4%
Norway Region Hedmark
4%
Romania County Ialomița
4%
Sweden County Kristianstad
4%
Sweden County Malmöhus
4%
Albania District Mat
4%
Romania County Mehedinți
4%
Romania County Prahova
4%
Iceland Constituency Reykjanes
4%
Romania County Sălaj
4%
Poland Province Sieradz
4%
Poland Province Skierniewice
4%
Poland Province Tarnobrzeg
4%
Denmark County Vejle
4%
Romania County Vrancea
4%
Sweden County Älvsborg
3%
Albania District Krujë
3%
Malta Region Northern Harbour
3%
Sweden County Skaraborg
3%
Malta Region Southern Harbour
3%
Albania District Librazhd
2%
Albania District Lushnjë
2%
Albania District Mirditë
2%
Albania District Përmet
2%
Albania District Pogradec
2%
Albania District Pukë
2%
Denmark County Ringkjøbing
2%
Denmark County Storstrøm
2%
Albania District Tepelenë
2%
Albania District Tropojë
2%
Albania District Gramsh
1%
Albania District Kolonjë
1%
Albania District Skrapar
1%
No matching quizzes found
Score Distribution
Percent of People with Each Score
Percentile by Number Answered
Your Score History
You have not taken this quiz since the last reset